000 00497nam a2200157Ia 4500
008 230907s9999||||xx |||||||||||||| ||und||
082 _a621.3
_bHAS
100 _aAbdul Haseeb Bhutta (00000318968)
_9116739
245 0 _aIntegration of Electric Vehicle in Smart Grid and Manage Power with Demand Response /
260 _aUSPCAS-E, NUST,
_bIslamabad :
_c2022
300 _aix, 68 p.
520 _aTH-407
650 _aMS-EEP Thesis MS Thesis
700 _aDr Muhammad Yousif
942 _cTHE
_2ddc
999 _c602085
_d602085